000 01464nam a22002297a 4500
999 _c58657
_d58657
003 Ge_BSU
005 20221221133621.0
008 220623s2022 ge ||||| |||| 00| 0 geo d
041 _ageo
080 _a33 ჯ-26
100 _aჯაფარიძე, სალომე
_914207
245 _aკლასტერების ფორმირების შესაძლებლობები და პერსპექტივა საზღვაო-სავაჭრო ნავსადგურებში და მასთან სატრანსპორტო სისტემებში :
_bდისერტაცია /
_cსალომე ჯაფარიძე; სამეცნიერო ხელმძღვანელი რეზო მანველიძე, ჰაილეთინ გულბინი.
264 _aბათუმი,
_c2022.
300 _a175 გვ.
_b30 სმ.
504 _aბიბლიოგრ. გვ. 162-175
653 _aეკონომიკა
653 _aსატრანსპორტო სისტემები
653 _aდისერტაცია
700 _aმანველიძე, რეზო
_eსამეცნიერო ხელმძღვანელი
_91497
700 _aგულბინი, ჰაილეთინ
_eსამეცნიერო ხელმძღვანელი
_914208
942 _2udc
_cDS